Responses for show #3970 - Friday, November 30, 2001

(Sofia: Hi, this is Sofia of the Clue Crew. Today, we give you a little taste of New York City.)

Contestants

Charan Brahma, an attorney from Los Angeles, California

Lara Kierlin, a pre-med student from Hermosa Beach, California

Frank Stasio, a data analyst from New York, New York (whose 1-day cash winnings total $30,000)

Jeopardy! Round responses

OLD POETIC FORMS
VERMONT
CLASSIC COMEDY TEAMS
NYC STREET FOODS
(Alex: That's what Sofia was talking about.)
USES FOR ARSENIC
"B"EAUTIFUL
    $200 8
Iceland

Charan
    $200 9
Lake Champlain

Frank
    $200 6
(Bing) Crosby

Frank
    $200 14
mustard

Charan
    $200 19
fireworks

Triple Stumper
    $200 1
(Charan: What are the Bahamas?)

Belize

FrankCharan
    $400 25
eulogy

Frank
    $400 10
Patrick Leahy

Charan
    $400 7
(Jerry) Lewis

Lara
    $400 15
(Frank: What is couscous?)

falafel

FrankCharan
    $400 20
gold

Lara
    $400 2
bypass

Charan
    $600 29
seasons

Frank
    $600 11
Green Mountains

Charan
    $600 22
Bob (Elliott)

Lara
    $600 16
knish

Lara
    $600 21
(Lara: What is brass?)

bronze

Lara
    $600 3
the Bayeux Tapestry

Triple Stumper
    $800 30
gaucho

Charan
    $800 12
(Frank: What is Ticonderoga?)

Bennington

Frank
Triple Stumper
    $800 23
(Anne) Meara

Lara
    $800 17
(Charan: What is Sicily?)

Sicilian

Charan
    $800 26
(Charan: What is an integrated circuit?)
[Initially ruled incorrect; reversed before Double Jeopardy! because "our research has proven you to be correct."]
...
(Alex: Less than a minute to go.)

a laser

Charan
    $800 4
biathlon

Frank
    $1000 28
(Frank: What is Middle English?)
(Charan: What is Celtic?)

Welsh

FrankLaraCharan
    $1000 13
granite

Lara
    $1000 24
(Elaine) May

Triple Stumper
    $1000 18
(Alex: We had Sofia eat and sample all those foods in the space of one hour!)

Pepto-Bismol

Lara
    $1000 27
(Frank: What is port?)

elderberry

Frank
Triple Stumper
    $1000 5
Botticelli

Triple Stumper

Scores at the first commercial break (after clue 15):

Frank Lara Charan
$200 $1,400 $2,000

Scores at the end of the Jeopardy! Round:

Frank Lara Charan
-$800 $5,200 $3,400

Double Jeopardy! Round responses

PHILOSOPHERS
MUSICAL INSPIRATIONS
1890s AVIATION
COMPANY HISTORIES
PICTURE THE PREZ
CROSSWORD CLUES "AE"
(Alex: Those two letters in that order will come up in each correct response.)
    $400 4
the Golden Rule

Frank
    $400 17
Annie

Frank
    $400 16
rubber band

Lara
    $400 7
shoes

Frank
    $400 1
Andrew Johnson

Frank
    $400 18
Aesop

Triple Stumper
    $800 8
St. Augustine

Lara
    $800 25
tree

Triple Stumper
    $800 12
Charles Lewis Tiffany

Charan
    $800 2
Thomas Jefferson

Frank
    $800 19
aerosol

Frank
    $1200 9
Socrates

Frank
    $1200 26
the Smithsonian

Charan
    $1200 13
K-Mart

Triple Stumper
    $1200 3
Woodrow Wilson

Lara
    $1200 20
(Alex: One minute to go.)

Aeronautics

Frank
    $2,000 10
(Alex: Author of "Das Kapital".)

Karl Marx

Frank
    $1600 27
[buzzer sounds to end the round]

the North Pole

Frank
    $3,000 14
(Alex: Of Brown & Williamson Tobacco.)

Robert Williamson

Charan
    $1600 5
James A. Garfield

Frank
    $1600 24
Aerosmith

Charan
    $2000 11
Rene Descartes

Lara
    $2000 23
A Little Night Music

Triple Stumper
    $2000 22
Ferdinand von Zeppelin

Frank
    $2000 15
(Frank: What is Minnesota?)
(Lara: What is Texas?)

Ohio

FrankLara
Triple Stumper
    $2000 6
Chester A. Arthur

Charan
    $2000 21
Aeon

Frank

Scores at the end of the Double Jeopardy! Round:

Frank Lara Charan
$12,000 $7,600 $12,000

[wagering suggestions for these scores]

Final Jeopardy! Round responses

BESTSELLING AUTHORS
(Alex: Charan, which King?)
(Charan: Any one that's correct?)
(Alex: I don't want to hurt your feelings, but none of them is correct!)
LaraWho is Leon Uris???
$4,401
CharanWho is King?
$11,500
FrankWho is Critchon?
$0
Sidney Sheldon

Final scores:

Frank Lara Charan
$12,000 $3,199 $500
2-day champion: $42,000 2nd place: Trip to Wyndham Rose Hall Resort, Montego Bay, Jamaica 3rd place: Trip to Nickerson Inn, Pentwater, Michigan

Game dynamics:

Coryat scores:

Frank Lara Charan
$11,600 $8,200 $10,600
19 R
(including 1 DD),
5 W
12 R,
2 W
(including 1 DD)
14 R
(including 1 DD),
2 W

Combined Coryat: $30,400

The J! Archive is created by fans, for fans. The Jeopardy! game show and all elements thereof, including but not limited to copyright and trademark thereto, are the property of Jeopardy Productions, Inc. and are protected under law. This website is not affiliated with, sponsored by, or operated by Jeopardy Productions, Inc. Join the discussion at JBoard.tv.